Bajo la mirada de un viajero itinerante : (Registro nro. 4818)
[ vista simple ]
| 000 -LEADER | |
|---|---|
| fixed length control field | 01689nam a2200289Ia 4500 |
| 003 - CONTROL NUMBER IDENTIFIER | |
| control field | OSt |
| 005 - DATE AND TIME OF LATEST TRANSACTION | |
| control field | 20200916174020.0 |
| 008 - FIXED-LENGTH DATA ELEMENTS--GENERAL INFORMATION | |
| fixed length control field | 191128s2012 ck ao fr 000 0 spa d |
| 020 ## - INTERNATIONAL STANDARD BOOK NUMBER | |
| International Standard Book Number | 9789585798816 |
| 040 ## - CATALOGING SOURCE | |
| Original cataloging agency | CO-JMCR |
| Transcribing agency | CO-JMCR |
| 041 0# - LANGUAGE CODE | |
| Language code of text/sound track or separate title | spa |
| -- | eng |
| 082 04 - DEWEY DECIMAL CLASSIFICATION NUMBER | |
| Classification number | 779.36 / |
| Item number | I577b |
| Edition number | 23 |
| 110 2# - MAIN ENTRY--CORPORATE NAME | |
| Corporate name or jurisdiction name as entry element | Instituto de Planificación y Promoción de Soluciones Energéticas para las Zonas No Interconectadas, IPSE |
| 9 (RLIN) | 10303 |
| 245 10 - TITLE STATEMENT | |
| Title | Bajo la mirada de un viajero itinerante : |
| Remainder of title | las zonas no interconectadas de Colombia = Under the gaze of a roving traveler : the non interconnected areas of Colombia / |
| Statement of responsibility, etc. | Instituto de Planificación y Promoción de Soluciones Energéticas para las Zonas No Interconectadas ; [textos, Natalia Ceballos Tobón y José Fernely Morales Sarmiento ; fotografías Banco de Fotografías del IPSE] |
| 250 ## - EDITION STATEMENT | |
| Edition statement | Primera edición |
| 260 ## - PUBLICATION, DISTRIBUTION, ETC. | |
| Place of publication, distribution, etc. | Bogotá : |
| Name of publisher, distributor, etc. | Ipse : Ministerio de Minas y Energía, |
| Date of publication, distribution, etc. | 2012 |
| 300 ## - PHYSICAL DESCRIPTION | |
| Extent | 167 páginas : |
| Other physical details | fotografías a color ; |
| Dimensions | 24 x 33 cm. |
| 505 0# - FORMATTED CONTENTS NOTE | |
| Formatted contents note | La belleza incomparable de la creación -- Amanecer ancestral -- Una mirada desde el cielo -- De las aguas mansas -- Entre el cielo y la tierra no hay nada oculto -- Pisando fuerte -- Cultura y tradición, una mirada a lo que somos |
| 546 ## - LANGUAGE NOTE | |
| Language note | Texto en español e inglés |
| 650 1# - SUBJECT ADDED ENTRY--TOPICAL TERM | |
| Topical term or geographic name entry element | Recursos naturales |
| 9 (RLIN) | 308 |
| 650 1# - SUBJECT ADDED ENTRY--TOPICAL TERM | |
| Topical term or geographic name entry element | Descripciones y viajes |
| 9 (RLIN) | 10304 |
| 651 4# - SUBJECT ADDED ENTRY--GEOGRAPHIC NAME | |
| Geographic name | Colombia |
| Form subdivision | fotografías |
| General subdivision | descripciones y viajes |
| 9 (RLIN) | 10305 |
| 700 1# - ADDED ENTRY--PERSONAL NAME | |
| Personal name | Ceballos Tobón, Natalia, |
| Relator term | textos |
| 9 (RLIN) | 10306 |
| 700 1# - ADDED ENTRY--PERSONAL NAME | |
| Personal name | Morales Sarmiento, José Fernely, |
| Relator term | textos |
| 9 (RLIN) | 10307 |
| 710 2# - ADDED ENTRY--CORPORATE NAME | |
| Corporate name or jurisdiction name as entry element | Instituto de Planificación y Promoción de Soluciones Energéticas, |
| Relator term | fotógrafo |
| 9 (RLIN) | 10308 |
| 942 ## - ADDED ENTRY ELEMENTS (KOHA) | |
| Source of classification or shelving scheme | Dewey Decimal Classification |
| Koha item type | Books |
| Withdrawn status | Lost status | Source of classification or shelving scheme | Damaged status | Not for loan | Collection code | Home library | Current library | Date acquired | Source of acquisition | Total Checkouts | Full call number | Barcode | Date last seen | Date last checked out | Copy number | Koha item type |
|---|---|---|---|---|---|---|---|---|---|---|---|---|---|---|---|---|
| Dewey Decimal Classification | Non-fiction | Biblioteca Pública José María del Castillo y Rada | Biblioteca Pública José María del Castillo y Rada | 04/15/2019 | Donación | 1 | 779.36 / I577b | 430000600 | 05/16/2024 | 08/15/2023 | Ej.1 | Books |